<?xml version="1.0" encoding="UTF-8"?>
<collection xmlns="http://www.loc.gov/MARC21/slim">
    <record>
        <controlfield tag="001">2055</controlfield>
        <controlfield tag="005">20190219123707.0</controlfield>
        <datafield tag="020" ind1=" " ind2=" ">
            <subfield code="a">978-84-692-2606-3</subfield>
        </datafield>
        <datafield tag="037" ind1=" " ind2=" ">
            <subfield code="a">TESIS-2009-037</subfield>
        </datafield>
        <datafield tag="041" ind1=" " ind2=" ">
            <subfield code="a">spa</subfield>
        </datafield>
        <datafield tag="100" ind1="1" ind2=" ">
            <subfield code="a">Meléndez Quero, Carlos</subfield>
        </datafield>
        <datafield tag="245" ind1="0" ind2="0">
            <subfield code="a">Contribución al estudio de los adverbios disjuntos de valoración afectivo-emotiva en español actual</subfield>
        </datafield>
        <datafield tag="260" ind1=" " ind2=" ">
            <subfield code="a">Zaragoza</subfield>
            <subfield code="b">Universidad de Zaragoza</subfield>
            <subfield code="c">2009</subfield>
        </datafield>
        <datafield tag="300" ind1=" " ind2=" ">
            <subfield code="a">855</subfield>
        </datafield>
        <datafield tag="500" ind1=" " ind2=" ">
            <subfield code="a">Presentado:  27 02 2009</subfield>
        </datafield>
        <datafield tag="502" ind1=" " ind2=" ">
            <subfield code="a">Tesis-Univ. Zaragoza</subfield>
            <subfield code="b">Zaragoza, Universidad de Zaragoza</subfield>
            <subfield code="c">2009</subfield>
        </datafield>
        <datafield tag="506" ind1=" " ind2=" ">
            <subfield code="a">by-nc-nd</subfield>
            <subfield code="b">Creative Commons</subfield>
            <subfield code="c">3.0</subfield>
            <subfield code="u">https://creativecommons.org/licenses/by-nc-nd/3.0/</subfield>
        </datafield>
        <datafield tag="520" ind1=" " ind2=" ">
            <subfield code="a">En este trabajo se describe un conjunto de adverbios del español (afortunadamente, desafortunadamente, desgraciadamente, felizmente, tristemente y lamentablemente) que pueden funcionar como disjuntos actitudinales.  Esta tesis se articula en dos partes bien diferenciadas: la primera hace referencia a la delimitación del objeto y método del trabajo, la segunda al análisis específico de los seis adverbios acotados. El primer capítulo presenta los córpora consultados: CREA y Macrocorpus de la norma lingüística culta de las principales ciudades de España y América. A continuación, se explican los fundamentos teóricos y metodológicos en los que se basa la investigación. Tras delimitar, en los capítulos tres y cuatro, las unidades estudiadas, la segunda parte recoge la caracterización de las propiedades sintáctico-distribucionales, instrucciones semántico-discursivas y de los efectos pragmáticos de los adverbios considerados. Cierra el trabajo un apartado de conclusiones, que sintetiza las afinidades y diferencias entre estos signos.</subfield>
        </datafield>
        <datafield tag="653" ind1=" " ind2=" ">
            <subfield code="a">Adverbios</subfield>
        </datafield>
        <datafield tag="653" ind1=" " ind2=" ">
            <subfield code="a">disjuntos</subfield>
        </datafield>
        <datafield tag="653" ind1=" " ind2=" ">
            <subfield code="a">español</subfield>
        </datafield>
        <datafield tag="653" ind1=" " ind2=" ">
            <subfield code="a">sintaxis</subfield>
        </datafield>
        <datafield tag="653" ind1=" " ind2=" ">
            <subfield code="a">semántica</subfield>
        </datafield>
        <datafield tag="653" ind1=" " ind2=" ">
            <subfield code="a">polifonía</subfield>
        </datafield>
        <datafield tag="653" ind1=" " ind2=" ">
            <subfield code="a">pragmática</subfield>
        </datafield>
        <datafield tag="653" ind1=" " ind2=" ">
            <subfield code="a">adverbs</subfield>
        </datafield>
        <datafield tag="653" ind1=" " ind2=" ">
            <subfield code="a">disjuncts</subfield>
        </datafield>
        <datafield tag="653" ind1=" " ind2=" ">
            <subfield code="a">spanish</subfield>
        </datafield>
        <datafield tag="653" ind1=" " ind2=" ">
            <subfield code="a">syntax</subfield>
        </datafield>
        <datafield tag="653" ind1=" " ind2=" ">
            <subfield code="a">semantics</subfield>
        </datafield>
        <datafield tag="653" ind1=" " ind2=" ">
            <subfield code="a">polyphony</subfield>
        </datafield>
        <datafield tag="653" ind1=" " ind2=" ">
            <subfield code="a">pragmatics</subfield>
        </datafield>
        <datafield tag="700" ind1=" " ind2=" ">
            <subfield code="a">Martín Zorraquino, María Antonia</subfield>
            <subfield code="e">dir.</subfield>
        </datafield>
        <datafield tag="710" ind1="2" ind2=" ">
            <subfield code="a">Universidad de Zaragoza</subfield>
            <subfield code="b">Linguística General e Hispánica</subfield>
        </datafield>
        <datafield tag="856" ind1="0" ind2=" ">
            <subfield code="f">zaguan@unizar.es</subfield>
        </datafield>
        <datafield tag="856" ind1="4" ind2=" ">
            <subfield code="s">3478130</subfield>
            <subfield code="u">http://zaguan.unizar.es/record/2055/files/TESIS-2009-037.pdf</subfield>
            <subfield code="z">Texto completo (spa)</subfield>
        </datafield>
        <datafield tag="909" ind1="C" ind2="O">
            <subfield code="o">oai:zaguan.unizar.es:2055</subfield>
        </datafield>
        <datafield tag="909" ind1="c" ind2="o">
            <subfield code="p">tesis</subfield>
        </datafield>
        <datafield tag="909" ind1="C" ind2="O">
            <subfield code="p">driver</subfield>
        </datafield>
        <datafield tag="910" ind1="2" ind2=" ">
            <subfield code="a">Lingüística general</subfield>
            <subfield code="b">Linguística General e Hispánica</subfield>
        </datafield>
        <datafield tag="980" ind1=" " ind2=" ">
            <subfield code="a">TESIS</subfield>
        </datafield>
    </record>

    
</collection>